书目信息 |
| 题名: |
成功潜能开发核心教程
|
|
| 作者: | 黄河浪 著 | |
| 分册: | ||
| 出版信息: | 海口 海南出版社 2001 |
|
| 页数: | 353页 | |
| 开本: | 20cm | |
| 丛书名: | 成功潜能培训金典 | |
| 单 册: | ||
| 中图分类: | G305 | |
| 科图分类: | ||
| 主题词: | 创造发明 , 创造学 | |
| 电子资源: | ||
| ISBN: | 7-5443-0264-4 | |
| 000 | 00685nam2 2200241 45 | |
| 001 | 0304011004 | |
| 005 | 20041210081021.0 | |
| 010 | @a7-5443-0264-4@dCNY18.80 | |
| 100 | @a20030401d2001 km y0chiy0120 ea | |
| 101 | 0 | @achi |
| 105 | @a z 000yy | |
| 200 | 1 | @a成功潜能开发核心教程@ACheng Gong Qian Neng Kai Fa He Xin Jiao Cheng@e创造@EChuang Zao@f黄河浪著@FHuang He Lang Zhu |
| 210 | @a海口@c海南出版社@d2001 | |
| 215 | @a353页@d20cm | |
| 225 | @a成功潜能培训金典 | |
| 410 | @12001 @a成功潜能培训金典 | |
| 517 | @a创造@AChuang Zao | |
| 606 | 0 | @a创造发明 |
| 606 | 0 | @a创造学 |
| 690 | @aG305@v4 | |
| 701 | 0 | @a黄河浪@4著 |
| 801 | @aCN@bTSTC@c20030401 | |
| 905 | @dG305@e100 | |
| 成功潜能开发核心教程:创造/黄河浪著.-海口:海南出版社,2001 |
| 353页;20cm.-(成功潜能培训金典) |
| ISBN 7-5443-0264-4:CNY18.80 |
| ● |
| 相关链接 |
|
|
|
|
正题名:成功潜能开发核心教程
索取号:G305/100
 
预约/预借
| 序号 | 登录号 | 条形码 | 馆藏地/架位号 | 状态 | 备注 |
| 1 | 0321967 | 203219677 | 密集书库/ [索取号:G305/100] | 在馆 | |
| 2 | 0321968 | 203219686 | 密集书库/ [索取号:G305/100] | 在馆 | |
| 3 | 0321969 | 203219695 | 第四借阅区/ [索取号:G305/100] | 在馆 | |
| 4 | 0321970 | 203219702 | 第四借阅区/ [索取号:G305/100] | 在馆 | |
| 5 | 0321971 | 203219711 | 第一样本阅览室/ [索取号:G305/100] | 在馆 |